000 00422nam a2200181Ia 4500
001 11369
005 20260306162823.0
008 260306t2022||||xx |||||||||||||| ||spa||
041 _aESP
082 _a985.04
_bB141F
100 _aUrrutia, Jaime,
_eAUT
245 0 _aLos caminos de la libertad
260 _c2022
300 _a151 páginas :
_c20 cm.
650 _aGEN
654 _aCHU
942 _cLIB
_dJUS
_fJUS
_2ddc
_n
999 _c11369
_d11369